Statistics for Minecraft Overworld Mobs Quiz

Click here to take the quiz!

General Stats

  • This quiz has been taken 9 times
  • The average score is 9 of 23

Answer Stats

Answer% Correct
Cow
78%
Pig
78%
Zombie
78%
Chicken
67%
Sheep
67%
Cat
56%
Skeleton
56%
Wolf
56%
Creeper
44%
Iron Golem
44%
Villager
44%
Ocelot
33%
Parrot
33%
Fox
22%
Pillager
22%
Polar Bear
22%
Rabbit
22%
Ravager
22%
Warden
22%
Evoker
11%
Vindicator
11%
Witch
11%
Arctic Fox
0%

Score Distribution

Percentile by Number Answered

Percent of People with Each Score

Your Score History

You have not taken this quiz